000 00792nam a2200253Ia 4500
003 OSt
005 20220918170952.0
006 a|||||r|||| 00| 0
007 ta
008 220917b |||||||| |||| 00| 0 eng d
020 _a9781107434295 (pbk)
_cUKP 19.99
024 _a317,716
037 _b109939, 09/03/2017, International Book Distributors
_cTextual
040 _aARTS
_cARTS
_beng
041 _2eng
_aeng
082 _aR3, Q5
100 _aTahko Tuomas E.
_932756
245 0 _aIntroduction to metametaphysics
260 _aCambridge
_bCambridge University Press USA
_c2015
300 _ax,258p.
_ccm.
650 _aMETAPHYSICS
_913358
942 _hR3, Q5
_cTEXL
_2CC
999 _c137015
_d137015